味覚の種類 - Statistics

General Stats
  • This quiz has been taken 122 times
  • The average score is 4 of 5
Answer Stats
味覚 % Correct
甘味
96%
酸味
93%
苦味
93%
うま味
85%
塩味
79%
No matching quizzes found
Score Distribution
Percent of People with Each Score
Percentile by Number Answered
Your Score History
You have not taken this quiz